[Event "London simul 12 boards"]
[Site "London"]
[Date "1983.11.30"]
[Round "?"]
[White "Flesch, Janos"]
[Black "Smith, Andrew Philip"]
[Result "0-1"]
[WhiteElo "2400"]
[BlackElo "2190"]
[PlyCount "56"]
[EventDate "1983.11.30"]
[EventType "simul"]
[EventCountry "ENG"]

1. d4 Nf6 2. Nf3 c5 3. d5 e6 4. c4 exd5 5. cxd5 g6 6. Nc3 d6 7. e4 a6 8. a4 Bg7
9. Bg5 h6 10. Bh4 g5 11. Bg3 Nh5 12. Nd2 Nxg3 13. hxg3 Nd7 14. Nc4 Ne5 15. Nxe5
Bxe5 16. Be2 Qe7 17. O-O Bd7 18. Bg4 O-O-O 19. Re1 Kb8 20. Ra3 Bxg4 21. Qxg4 h5
22. Qe2 g4 23. Rb3 Ka8 24. Rb6 h4 25. Qxg4 Rdg8 26. Qe2 hxg3 27. Rxa6+ Kb8 28.
Qf3 bxa6 0-1

[Event "Accountancy Age Closed"]
[Site "London"]
[Date "1983.12.02"]
[Round "1.3"]
[White "Borrowdale, Graham E"]
[Black "O'Hara, Michael J"]
[Result "0-1"]
[WhiteElo "2048"]
[BlackElo "2216"]
[PlyCount "44"]
[EventDate "1983.12.02"]
[EventType "swiss"]
[EventRounds "5"]
[EventCountry "ENG"]

1. d4 Nf6 2. c4 c5 3. d5 b5 4. a4 bxc4 5. Nc3 g6 6. e4 d6 7. Bxc4 Bg7 8. Nf3
O-O 9. O-O Ba6 10. Qe2 Bxc4 11. Qxc4 Nbd7 12. h3 Rb8 13. Qe2 Rb4 14. Nd2 Nh5
15. Nc4 Ne5 16. Nxe5 Bxe5 17. Bh6 Re8 18. Qd2 Qb6 19. Rab1 Rb8 20. g4 Nf6 21.
f4 Bd4+ 22. Kh1 Rxb2 0-1

[Event "Accountancy Age Closed"]
[Site "London"]
[Date "1983.12.04"]
[Round "5.12"]
[White "Clark, Ian C"]
[Black "Fillmore, KJ."]
[Result "0-1"]
[WhiteElo "1920"]
[BlackElo "1424"]
[PlyCount "46"]
[EventDate "1983.12.02"]
[EventType "swiss"]
[EventRounds "5"]
[EventCountry "ENG"]

1. e4 e5 2. Nf3 Nc6 3. Bc4 Nf6 4. Ng5 Bc5 5. Nxf7 Bxf2+ 6. Kf1 Qe7 7. Nxh8 d5
8. Nc3 dxc4 9. Nd5 Nxd5 10. exd5 Nd4 11. c3 Qh4 12. cxd4 Bg4 13. Qa4+ Bd7 14.
Qa3 c3 15. Qxc3 Bb5+ 16. d3 Bxd4 17. g3 Qf6+ 18. Kg2 Qf2+ 19. Kh3 Bxc3 20. bxc3
Bxd3 21. Bg5 Bf5+ 22. Kh4 Qf3 23. h3 g6 0-1